Comercio mundial e inversión internacional : (Record no. 98194)

MARC details
000 -LEADER
campo de control de longitud fija 00762nam a2200217 i 4500
001 - NÚMERO DE CONTROL
campo de control 98194
003 - IDENTIFICADOR DE NÚMERO DE CONTROL
campo de control ES-MaACL
005 - FECHA Y HORA DE LA ÚLTIMA TRANSACCIÓN
campo de control 20250901102123.0
007 - CAMPO FIJO DE DESCRIPCIÓN FÍSICA--INFORMACIÓN GENERAL
campo de control de longitud fija t|
008 - DATOS DE LONGITUD FIJA--INFORMACIÓN GENERAL
campo de control de longitud fija 050726s1957 mx ||||1| spa d
100 1# - ENTRADA PRINCIPAL--NOMBRE DE PERSONA
Nombre de persona Marsh, Donald Bailey.
9 (RLIN) 77123
245 10 - MENCIÓN DEL TÍTULO
Título Comercio mundial e inversión internacional :
Resto del título economía de la interdependencia /
Mención de responsabilidad, etc. Donald Bailey Marsh; prólogo de Howard S. Ellis; [traducción de Paul Velasco Terres].
260 ## - PUBLICACIÓN, DISTRIBUCIÓN, ETC.
Lugar de publicación, distribución, etc. México :
Nombre del editor, distribuidor, etc. Fondo de Cultura Económica,
Fecha de publicación, distribución, etc. 1957.
300 ## - DESCRIPCIÓN FÍSICA
Extensión 743 p. ;
Dimensiones 22 cm.
650 07 - PUNTO DE ACCESO ADICIONAL DE MATERIA--TÉRMINO DE MATERIA
Término de materia o nombre geográfico como elemento de entrada Comercio
Fuente del encabezamiento o término embne
9 (RLIN) 11157
650 00 - PUNTO DE ACCESO ADICIONAL DE MATERIA--TÉRMINO DE MATERIA
Término de materia o nombre geográfico como elemento de entrada Inversiones extranjeras.
9 (RLIN) 13888
700 1# - ENTRADA AGREGADA--NOMBRE PERSONAL
Nombre de persona Ellis, Howard S.
9 (RLIN) 47050
700 1# - ENTRADA AGREGADA--NOMBRE PERSONAL
Nombre de persona Velasco Terres, Paul.
9 (RLIN) 113778
852 ## - LOCALIZACIÓN
Ubicación ES-MaACL
Número de control de estantería C-16962
Holdings
Estatus retirado Estado de pérdida Estado de daño No para préstamo Biblioteca de origen Biblioteca actual Ubicación en estantería Fecha de adquisición Fuente de adquisición Total de préstamos Signatura topográfica completa Código de barras Visto por última vez Precio de reemplazo Tipo de ítem Koha
        Biblioteca del Ateneo de Madrid Biblioteca del Ateneo de Madrid Galería 17/01/2008     C-16962 1102505 23/02/2023 23/02/2023 Libro impreso